Những ngôi chùa nỗi tiếng ở Thành phố Hồ Chí Minh = Famous Buddhist temples in Ho Chi Minh City
Quyển sách trình bày những ngôi chùa nổi tiếng Thành phố Hồ Chí Minh về quá trình hình thành và phát triển đến ngày nay. Sách được trình bày bằng song ngữ anh-việt và nhiều hình ảnh minh hoạ đặc sắc....
Shranjeno v:
| Glavni avtor: | |
|---|---|
| Format: | Knjiga |
| Jezik: | Undetermined |
| Izdano: |
Thành phố Hồ Chí Minh
Trẻ
2006
|
| Teme: | |
| Oznake: |
Označite
Brez oznak, prvi označite!
|
| Thư viện lưu trữ: | Trung tâm Học liệu Trường Đại học Cần Thơ |
|---|
| LEADER | 01115nam a2200241Ia 4500 | ||
|---|---|---|---|
| 001 | CTU_112856 | ||
| 008 | 210402s9999 xx 000 0 und d | ||
| 020 | |c 62000 | ||
| 082 | |a 294.34 | ||
| 082 | |b T561 | ||
| 100 | |a Trương, Ngọc Tường | ||
| 245 | 0 | |a Những ngôi chùa nỗi tiếng ở Thành phố Hồ Chí Minh = | |
| 245 | 0 | |b Famous Buddhist temples in Ho Chi Minh City | |
| 245 | 0 | |c Trương Ngọc Tường, Võ Văn Tường | |
| 260 | |a Thành phố Hồ Chí Minh | ||
| 260 | |b Trẻ | ||
| 260 | |c 2006 | ||
| 520 | |a Quyển sách trình bày những ngôi chùa nổi tiếng Thành phố Hồ Chí Minh về quá trình hình thành và phát triển đến ngày nay. Sách được trình bày bằng song ngữ anh-việt và nhiều hình ảnh minh hoạ đặc sắc. | ||
| 650 | |a Temples, Buddhist,Priests, Buddhist | ||
| 650 | |x Biography | ||
| 650 | |z Viet Nam,Ho Chi Minh City,Viet Nam,Ho Chi Minh City | ||
| 904 | |i Minh | ||
| 980 | |a Trung tâm Học liệu Trường Đại học Cần Thơ | ||